000 00326nam a22001337a 4500
020 _a3-540-13014-4
082 _a535 YOU'O
100 _aYOUNG, MATT
_969027
245 _aOPTICS AND LASERS INCLUDING FIBERS AND INTEGRATED OPTICS
250 _a2ND
260 _aTOKYO
_bSPRINGER VERLAG
_c1984
300 _a269P
942 _cBK
999 _c579709
_d579709